Представление документа в формате RUSMARC

ПолеНазваниеЗначение
  Тип записи a
  Библиографический уровень m
001 Контрольный номер 83be007e74f1440d95b54fc6da79f293
005 Дата корректировки 20201206205152.2
010 Индекс ISBN __
a ISBN 978-5-699-98527-2 (в пер.)
d Цена 350-90, 7000 экз.
100 Данные общей обработки __
a Данные общей обработки 19181210d2017||||||| 0rusy0189 ca
101 Язык документа 0_
a Язык текста rus
102 Страна публикации __
a Страна публикации ru
102 Страна публикации __
a Страна публикации RU
105 Кодированные данные (монография) __
a Кодированные данные (монография) ||||||||000zy
200 Заглавие и сведения об ответственности 1_
a Заглавие Сеть
e Сведения, относящиеся к заглавию [роман]
f Первые сведения об ответственности Павел Астахов
b Общее обозначение материала Текст
210 Выходные данные __
a Место издания Москва
c Издательство Э
d Дата издания 2017
215 Физическое описание __
a Объем 413, [1] с.
d Формат 21 см
225 Серия __
a Серия Современный российский детектив
330 Аннотация __
a Аннотация Адвокат Артем Павлов случайно спасает молодую женщину Карину, у которой недавно погибла юная дочь. Полиция не усмотрела в случившемся признаков преступления. Однако Павлову не дает покоя странное поведение девочки перед смертью и ее чудовищная переписка в закрытой группе, символ которой - выбросившийся на берег синий кит. Ему удается проникнуть в самое сердце виртуальной "группы смерти" и выйти на тех, для кого самоубийство подростков стало чудовищным хобби и садистским развлечением. Берегите своих детей! - таков главный вывод романа. Они очень нуждаются в нашей родительской заботе и поддержке.
333 Примечание о целевом назначении __
a Примечание о целевом назначении 16+. Для детей старше 16 лет
606 Тематические рубрики __
a Основная рубрика Художественная литература
606 Тематические рубрики __
a Основная рубрика Современная русская литература (произведения)
610 Ключевые слова __
a Ключевые слова детективы
610 Ключевые слова __
a Ключевые слова криминальные детективы
610 Ключевые слова __
a Ключевые слова остросюжетные детективы
610 Ключевые слова __
a Ключевые слова романы
610 Ключевые слова __
a Ключевые слова тема преступлений
610 Ключевые слова __
a Ключевые слова тема детей
610 Ключевые слова __
a Ключевые слова тема виртуальных игр
610 Ключевые слова __
a Ключевые слова тема социальных сетей
610 Ключевые слова __
a Ключевые слова тема суицида
610 Ключевые слова __
a Ключевые слова тема подростков
610 Ключевые слова __
a Ключевые слова тема самоубийства
686 Индексы других классификаций __
2 Код системы rubbks
a Классификационный индекс 84(2=411.2)6-445; ст84(2Рос=Рус)6-4
700 Автор _1
a Фамилия Астахов
b Имя П. А.
f Даты 1966-
g Полное личное имя Павел Алексеевич
4 Код отношения 070
801 Источник записи _0
a Страна ru
b Организация Муниципальное бюджетное учреждение культуры "Централизованная библиотечная система" г. Сургут (Центральная городская библиотека им. А. С. Пушкина)
c Дата составления 20181210
g Правила каталогизации PSBO
801 Источник записи _1
a Страна ru
b Организация Муниципальное бюджетное учреждение культуры "Централизованная библиотечная система" г. Сургут (Центральная городская библиотека им. А. С. Пушкина)
c Дата составления 20181210
g Правила каталогизации PSBO
852 Данные о местонахождении __
j Шифр хранения 84(2=411.2)6-445
i Авторский знак А 91
901 Тип документа __
t Тип документа m
a Ответственный ООФиК/Волкова
903 Характеристики (МАРС) __
a Дата передачи 20181210
990 Данные о заказе (DOS) __
j Количество экземпляров (DOS) 5
t N записи в КСУ для И/У (DOS) 201811